| 000 | 00966nam a2200253 a 4500 | ||
|---|---|---|---|
| 001 | 000018745 | ||
| 005 | 20200929165842.0 | ||
| 008 | 100514s1973 sp 000 d spa d | ||
| 020 | _a8472730425 | ||
| 040 |
_aDO-SdBNP _bspa _cBNPHU |
||
| 082 |
_a842.42 _bM721ó |
||
| 100 | 1 |
_aMOLIÈRE, JEAN-BAPTISTE POQUELIN _d1622-1673 _940455 |
|
| 245 | 1 | 0 |
_aObras teatrales / _cJ. B. Poquelín Molière. La ideología de Molière / por Azorín ; traducción en introducciones Ignacio Gaos. |
| 260 |
_aMadrid : _bEdiciones Giner, _c1973. |
||
| 300 |
_a403 p. ; _c22 cm. |
||
| 490 | 0 | _aClásicos Giner | |
| 504 | _aIncluye referencias bibliográficas y notas al pie de páginas. | ||
| 600 | 1 | 4 |
_aMOLIÈRE, JEAN-BAPTISTE POQUELIN _d1622-1673 _940455 |
| 650 | 2 | 4 |
_aTeatro francés _95359 |
| 650 | 2 | 4 |
_aComedia francesa _913396 |
| 650 | 2 | 4 |
_aLiteratura francesa _91074 |
| 700 | 1 |
_aAzorín, _d1873-1967. _tLa ideología de Molière _940456 |
|
| 700 | 1 |
_aGaos, Ignacio, _etrad. _940457 |
|
| 999 |
_c18265 _d18265 |
||